| 000 | 00785nam a2200205 a 4500 | ||
|---|---|---|---|
| 003 | 0 | ||
| 005 | 20250429115846.0 | ||
| 008 | 050808s19uu xx 00 eng d | ||
| 050 |
_aPHS TP 910 _b.D86 2005 |
||
| 100 | _aDumangas, Ardjel Symon R. | ||
| 245 |
_aGumamela (Hibiscus rosa-sinensis) extract as an alternative for commercial dye / _cArdjel Symon R. Dumangas. |
||
| 260 |
_aLas Piñas City, Philippines : _bSouthville International School and Colleges, _c2005. |
||
| 300 |
_a29 pages : _bcolor illustrations ; _c28 cm. |
||
| 504 | _aIncludes bibliographical references. | ||
| 650 | _aDyes and dyeing—Plant-based. | ||
| 650 |
_2Library of Congress Subject Headings _aHibiscus rosa-sinensis _xUtilization. |
||
| 650 | _aNatural dyes. | ||
| 942 |
_2lcc _cPASS |
||
| 999 |
_c97218 _d97218 |
||